000 00849nam a2200253 a 4500
001 000024237
003 DO-SdBNP
005 20240530073919.0
008 110125t2010 dr 000 f spa d
020 _z9789945163667
040 _aDO-SdBNP
_bspa
_cBNPHU
082 _aRD863.44
_bJ58a, 2010
100 1 _aJesús Ulerio, Luis Felipe de,
_d1970-
_91334
245 1 4 _aLos amantes de la cabaña :
_buna historia de vida, amor, pasión y muerte /
_cLuis Felipe de Jesús Ulerio.
250 _a2a ed.
260 _aSanto Domingo :
_bBúho,
_c2010.
300 _a171 p. ;
_c23 cm.
500 _aIncluye datos biográficos del autor en la solapa de la cubierta.
590 _aInventariado, 2020/MAA
650 1 0 _aNovela dominicana
_9223
650 1 0 _aLiteratura dominicana.
_967
910 _aValidado. Control de calidad EMS.
942 _2ddc
_cLBS1
999 _c23731
_d23731